000 00575nam a2200229Ia 4500
003 OSt
005 20221007081512.0
006 a|||||r|||| 00| 0
007 ta
008 221006b |||||||| |||| 00| 0 eng d
024 _a13,681
037 _cTextual
040 _aFLL
_cFLL
_beng
041 _2eng
_aeng
082 _aW, J44;K5
100 _aMaclver R.M.
_9518850
245 0 _aWeb of government
260 _aNew York
_bThe Free Press New
_c1965
300 _a373p
_ccm.
942 _hW, J44;K5
_cTEXL
_2CC
999 _c1163261
_d1163261